5HLuxD.jpg

KING HENRY VIII SENIOR AND PRIMARY SCHOOL LIBRARY OPAC

The body at the tower / (Record no. 1141)

000 -LEADER
fixed length control field 01643cam a2200421 a 4500
001 - CONTROL NUMBER
control field (Sirsi) a693006
003 - CONTROL NUMBER IDENTIFIER
control field OSt
005 - DATE AND TIME OF LATEST TRANSACTION
control field 20211206102738.0
008 - FIXED-LENGTH DATA ELEMENTS--GENERAL INFORMATION
fixed length control field 110524s2010 mau d 000 1 eng d
010 ## - LIBRARY OF CONGRESS CONTROL NUMBER
LC control number 2010004645
020 ## - INTERNATIONAL STANDARD BOOK NUMBER
International Standard Book Number 9780763649685 (hard) :
020 ## - INTERNATIONAL STANDARD BOOK NUMBER
International Standard Book Number 0763649686 (hard)
040 ## - CATALOGING SOURCE
Original cataloging agency DLC
Transcribing agency DLC
Modifying agency IG#
-- BTCTA
-- LB4
-- DAD
-- VP@
-- EHH
-- TAE
-- KH8
042 ## - AUTHENTICATION CODE
Authentication code nbic
043 ## - GEOGRAPHIC AREA CODE
Geographic area code e-uk-en
-- e-uk---
082 ## - DEWEY DECIMAL CLASSIFICATION NUMBER
Classification number FIC LEE
100 1# - MAIN ENTRY--PERSONAL NAME
Personal name Lee, Y. S.
Fuller form of name (Ying S.),
Dates associated with a name 1974-
245 14 - TITLE STATEMENT
Title The body at the tower /
Statement of responsibility, etc. Y.S. Lee.
250 ## - EDITION STATEMENT
Edition statement 1st U.S. ed.
260 ## - PUBLICATION, DISTRIBUTION, ETC.
Place of publication, distribution, etc. Somerville, Mass. :
Name of publisher, distributor, etc. Candlewick Press,
Date of publication, distribution, etc. 2010.
300 ## - PHYSICAL DESCRIPTION
Extent 337 p. ;
Dimensions 22 cm.
440 ## - SERIES STATEMENT/ADDED ENTRY--TITLE
Title The Agency ;
Number of part/section of a work bk. 2.
500 ## - GENERAL NOTE
General note "A Mary Quinn mystery"--Jacket.
520 ## - SUMMARY, ETC.
Summary, etc. As a nearly full-fledged member of the Agency, the all-female detective unit based in Miss Scrimshaw's Academy for Girls, Mary Quinn, disguised as a poor apprentice builder, must brave the sinister underworld of Victorian London in order to unmask a murderer.
650 #0 - SUBJECT ADDED ENTRY--TOPICAL TERM
Topical term or geographic name entry element Sex role
Form subdivision Juvenile fiction.
650 #0 - SUBJECT ADDED ENTRY--TOPICAL TERM
Topical term or geographic name entry element Orphans
Form subdivision Juvenile fiction.
650 #0 - SUBJECT ADDED ENTRY--TOPICAL TERM
Topical term or geographic name entry element Murder
Form subdivision Juvenile fiction.
650 #1 - SUBJECT ADDED ENTRY--TOPICAL TERM
Topical term or geographic name entry element Sex role
Form subdivision Fiction.
650 #1 - SUBJECT ADDED ENTRY--TOPICAL TERM
Topical term or geographic name entry element Orphans
Form subdivision Fiction.
650 #1 - SUBJECT ADDED ENTRY--TOPICAL TERM
Topical term or geographic name entry element Murder
Form subdivision Fiction.
651 #0 - SUBJECT ADDED ENTRY--GEOGRAPHIC NAME
Geographic name London (England)
General subdivision History
Chronological subdivision 19th century
Form subdivision Juvenile fiction.
651 #0 - SUBJECT ADDED ENTRY--GEOGRAPHIC NAME
Geographic name Great Britain
General subdivision History
Chronological subdivision Victoria, 1837-1901
Form subdivision Juvenile fiction.
651 #1 - SUBJECT ADDED ENTRY--GEOGRAPHIC NAME
Geographic name London (England)
General subdivision History
Chronological subdivision 19th century
Form subdivision Fiction.
651 #1 - SUBJECT ADDED ENTRY--GEOGRAPHIC NAME
Geographic name Great Britain
General subdivision History
Chronological subdivision Victoria, 1837-1901
Form subdivision Fiction.
655 #0 - INDEX TERM--GENRE/FORM
Genre/form data or focus term Historical mystery fiction.
655 #0 - INDEX TERM--GENRE/FORM
Genre/form data or focus term Mystery and detective stories.
942 ## - ADDED ENTRY ELEMENTS (KOHA)
Source of classification or shelving scheme
Koha item type Books - Fiction
Holdings
Withdrawn status Lost status Source of classification or shelving scheme Damaged status Not for loan Collection code Permanent Location Current Location Shelving location Date acquired Total Checkouts Full call number Barcode Date last seen Date last checked out Price effective from Koha item type
          Fiction KH8 Senior School Library KH8 Senior School Library Young Adult 2021-12-06 1 FIC LEE 3KHSL000101869 2024-07-23 2022-09-22 2021-12-06 Books - Fiction

Powered By KH8 IT Dept